Membangun negara Madani : visi dan kerangka dasar reformasi

Main Author: Anwar Ibrahim, Dato' Seri, 1947- (Author)
Published: Shah Alam, Selangor: IDE Research Centre Sdn. Bhd., 2022
Subjects:
LEADER 01108cam a2200301 7i4500
001 0000154930
005 20240222090000.0
008 240220t20222022my # ### #00001may##
020 # # |a 9789672066439  
040 # # |a UMT   |b eng   |c UMT   |d PNM   |e rda 
090 0 # |a DS 597.2   |b .A5 2022 
100 0 # |a Anwar Ibrahim,   |c Dato' Seri,   |d 1947-   |e author  
245 1 0 |a Membangun negara Madani :   |b visi dan kerangka dasar reformasi   |c Anwar Ibrahim. 
264 # 4 |c ♭2022 
264 # 1 |a Shah Alam, Selangor:   |b IDE Research Centre Sdn. Bhd.,   |c 2022 
300 # # |a 213 pages;   |c 23 cm 
336 # # |a text --   |2 rdacontent 
337 # # |a unmediated --   |2 rdamedia 
338 # # |a volume --   |2 rdacarrier 
504 # # |a Includes bibliographical 
590 # # |a Perpustakaan Sultanah Nur Zahirah 
591 # # |a Pameran Buku Ilmiah 2023 
650 # 0 |a Sustainable development --   |z Malaysia  
650 # 0 |a Political culture --   |z Malaysia  
650 # 0 |a Community development --   |z Malaysia  
651 # 0 |a Malaysia --   |x Politics and government  
651 # 0 |a Malaysia --   |x Social conditions  
999 |a 1100115764  |b Book  |c Open Shelf  |e KOLEKSI TERBUKA